| 000 | 01745nam a2200289Ia 4500 | ||
|---|---|---|---|
| 999 |
_c55605 _d55605 |
||
| 001 | 22700 | ||
| 003 | GE_BSU | ||
| 005 | 20230421164703.0 | ||
| 008 | 181216s ||||ge |||||||||||||| ||geo|| | ||
| 040 | _cGE_BSU | ||
| 041 | _ageo | ||
| 080 | _a316.342.2+396+342.726+005 გ-32 | ||
| 245 |
_aგენდერული მეინსტრიმინგი ადგილობრივ თვითმმართველობაში : _bპროექტი "ვიშეგრადის ქვეყნების გამოცდილება ადგილობრივ დონეზე თანაბარი, ინკლუზიური და დემოკრატიული მმართველობისათვის |
||
| 264 |
_aქუთაისი : _bკულტურულ-ჰუმანიტარული ფონდი "სოხუმი", _c2018. |
||
| 300 |
_a284 გვ. : _bილ. ; _c29 სმ. _eდიაგრამები. |
||
| 541 | _h10ლ. | ||
| 546 | _aწიგნი შედგენილია ქართულ და ინგისურ ენებზე | ||
| 653 | _aსამართალი | ||
| 653 | _aსოციოლოგია | ||
| 653 | _aქალთა მოძრაობა | ||
| 653 | _aქალთა საკითხები | ||
| 653 | _aქალთა მდგომარეობა | ||
| 700 |
_aშენგელია, ლ. _eრედაქტორი _9580 |
||
| 700 |
_aნიჟარაძე, ნ. _eთარგმანი ინგლისურიდან _917740 |
||
| 700 |
_aშენგელია, ლ. _eთარგმანი რუსულიდან _9580 |
||
| 942 |
_cBK _2udc |
||